Dalīl āthār Īblā.

محفوظ في:

مؤلفون آخرون: Matthiae, Paolo.

التنسيق: كتاب

اللغة: Arabic

منشور في: Dimashq : Maṭbaʻat al-Qaṣār, 1989.

الموضوعات:

الوسوم: إضافة وسم

لا توجد وسوم, كن أول من يضع وسما على هذه التسجيلة!

رقم الطلب: ( P )DS99 .E25 D35 1989

LEADER 00920nam a2200253Ia 4500
003 OSt
005 20240708045354.0
008 070711s1989 sy ae 000 0 ara d
952 |0 0  |1 0  |2 lcc  |4 0  |7 1  |9 43775  |a ARCE  |b ARCE  |d 2022-11-24  |l 0  |o ( P )DS99 .E25 D35 1989  |r 2022-11-24 00:00:00  |w 2022-11-24  |y BK 
999 |c 50232  |d 50232 
040 |c ARCE Library 
050 4 |a ( P )DS99 .E25 D35 1989 
245 0 0 |a Dalīl āthār Īblā. 
246 1 3 |a Title on page [4] of cover: Archaeological guide to Ebla. 
264 1 |a Dimashq :   |b Maṭbaʻat al-Qaṣār,   |c 1989. 
300 |a 16 unnumbered pages :   |b illustrations, plans ;   |c 22 cm. 
500 |a "Prof. Paolo Matthiae, Director"--Page 14. 
546 |a Arabic and English. 
651 0 |a Ebla (Extinct city) -- Guidebooks. 
651 0 |a Ebla (Ville ancienne) -- Guides. 
651 0 |a Syria -- Ebla (Extinct city). 
700 1 |a Matthiae, Paolo.  
901 |a reviewed 
942 |2 lcc  |c BK